| 000 | 00397 a2200133 4500 | ||
|---|---|---|---|
| 999 |
_c12109 _d12109 |
||
| 003 | OSt | ||
| 005 | 20231223163637.0 | ||
| 008 | 231223b ||||| |||| 00| 0 eng d | ||
| 020 | _a9783848008339 | ||
| 100 |
_aBorngässer Klein, Barbara, _d1951- |
||
| 245 |
_aMadrid und der Prado : _bKunst und Architektur = Madrid and the Prado : art and architecture |
||
| 260 |
_bHf Ullmann _c2015 |
||
| 942 | _2ddc | ||